Một vài suy nghĩ về sử liệu thuộc lịch sử cổ trung đại Việt Nam /
Gespeichert in:
| 1. Verfasser: | |
|---|---|
| Format: | Artikel |
| Sprache: | Vietnamese |
| Schlagworte: | |
| Tags: |
Tag hinzufügen
Keine Tags, Fügen Sie den ersten Tag hinzu!
|
| Thư viện lưu trữ: | Thư viện Trường Đại học Đà Lạt |
|---|
| LEADER | 00709nam a2200241 4500 | ||
|---|---|---|---|
| 001 | DLU090100217 | ||
| 005 | ##20091202 | ||
| 040 | # | # | |a DLU |b vie |
| 041 | # | # | |a vie |
| 044 | # | # | |a vn |
| 100 | # | # | |a Bùi Thiết. |
| 245 | # | # | |a Một vài suy nghĩ về sử liệu thuộc lịch sử cổ trung đại Việt Nam / |c Bùi Thiết. |
| 653 | # | # | |a Sử liệu |
| 773 | # | # | |t Thông tin Khoa học Xã hội |g Số 2, 1982, tr. 76-81 |
| 920 | # | # | |a Phòng Tạp chí -- Trung tâm Thông tin - Thư viện Trường Đại học Đà Lạt |
| 994 | # | # | |a DLU |
| 900 | # | # | |a True |
| 911 | # | # | |a Đào Thị Thu Huyền |
| 925 | # | # | |a G |
| 926 | # | # | |a A |
| 927 | # | # | |a BB |
| 980 | # | # | |a Thư viện Trường Đại học Đà Lạt |